| 000 | 00793nam a2200229 a 4500 | ||
|---|---|---|---|
| 005 | 20240806154301.0 | ||
| 008 | 240806t20192017my ||||| |||| 00| 0 may d | ||
| 020 | 0 | 0 | _a9789674608088 |
| 040 | _aAKMAL | ||
| 082 | _a923.8595 SHA | ||
| 090 |
_a923.8595 _bSHA |
||
| 100 | 0 |
_aShamsuddin Abdul Kadir, _cTan Sri, _d1931- _99568 |
|
| 245 | 1 | 0 |
_aANAK SEORANG DREBAR / _cTAN SRI SHAMSUDDIN ABDUL KADIR ; Penterjemah: Amir Muslim |
| 264 | 1 |
_aKuala Lumpur : _bInstitut Terjemahan & Buku Malaysia, _c2019 _c©2017 |
|
| 300 |
_axxviii, 440 pages : _bphotographs ; _c19cm |
||
| 600 | 0 | 4 |
_aShamsuddin Abdul Kadir, _cTan Sri, _d1931- _99568 |
| 650 | 1 | 0 |
_aBusinessmen _97733 |
| 650 | 2 | 0 |
_aBusinesspeople _99569 |
| 650 | 2 | 0 |
_aAutobiography _9802 |
| 700 | 0 |
_aAmir Muslim, _etranslator. _99570 |
|
| 942 |
_2ddc _cBOOK |
||
| 999 |
_c5010 _d5010 |
||